|
|
|
|
| LEADER |
00000nam a22000007a 4500 |
| 008 |
240809b |||||||| |||| 00| 0 eng d |
| 020 |
|
|
|a 9781032137254
|
| 245 |
|
|
|a Effective waste management and circular economy : legislative framework and strategies
|c / edited by Sadhan Kumar Ghosh
|e The circular economy in sustainable solid and liquid waste management
|g xx, 277p;ill
|
| 260 |
|
|
|b CRC Press
|c 2023
|h Boca Raton, FL
|i 702173
|i 702174
|l HD4482.Ef3
|m Refuse and refuse disposal.
|m Circular economy.
|m Recycling (Waste, etc.)--Law and legislation
|
| 500 |
|
|
|a it includes bibliographical references and index
|
| 942 |
|
|
|a lcc
|c BK
|e Johnson
|f 09/08/24
|
| 952 |
|
|
|0 0
|1 0
|2 lcc
|4 0
|6 HD4482 E F3
|7 0
|9 5454
|a SSL
|b HOL
|c GJ
|d 2024-08-09
|l 0
|o HD4482.Ef3
|p 2024-0695
|r 2024-08-09 00:00:00
|t 702173
|w 2024-08-09
|y BK
|
| 952 |
|
|
|0 0
|1 0
|2 lcc
|4 0
|6 HD4482 E F3
|7 0
|9 5455
|a HOL
|b HOL
|c GJ
|d 2024-08-09
|l 0
|o HD4482.Ef3
|p 2024-0696
|r 2024-08-09 00:00:00
|t 702174
|w 2024-08-09
|y BK
|
| 999 |
|
|
|c 2699
|d 2699
|